| 000 | 005130000a22001930004500 | ||
|---|---|---|---|
| 003 | LK-CoMWRAF | ||
| 005 | 20231115145850.0 | ||
| 008 | 230817t1996 ||||| |||| 00| 0 eng d | ||
| 020 | _a9960717070 | ||
| 040 |
_aLK-CoMWRAF _dLK-CoMWRAF _eLK-CoMWRAF |
||
| 041 | _aeng | ||
| 082 |
_a297.5 _bMIS |
||
| 245 | _aMiscellaneous questions & answers for the Muslim women | ||
| 260 |
_aRiyadh: _bDarussalam, _c1996 |
||
| 300 | _a72p.; 22cm | ||
| 650 | _aMUSLIM WOMEN | ||
| 700 |
_aKunna, Ibrahim M. _ecomp. |
||
| 942 | _cBK | ||
| 999 |
_c1012 _d1012 |
||